| 000 | 00842nam a2200181Ia 4500 | ||
|---|---|---|---|
| 008 | 100921s9999 xx 000 0 und d | ||
| 082 |
_b39544 _a920.02 न 04 |
||
| 100 | _aचैतन्य दीपक. | ||
| 245 | _aअत्तराच्या कुपीतील दरवळ. | ||
| 260 |
_bशिवम्र प्रकाशन,ठाणे,पुणे. _c2004 |
||
| 300 |
_a100 _bकलाभारती वितरण,पुणे |
||
| 365 | _b90 | ||
| 520 | _aचरित्र- संग्रह,व्यिक्तचित्रे. | ||
| 630 | _aअत्तराच्या कुपीतील दरवळ. | ||
| 650 | _aचरित्र- संग्रह,व्यिक्तचित्रे. | ||
| 730 | _aअत्तराच्या कुपीतील दरवळ. | ||
| 942 | _cBOOK | ||
| 999 |
_c788657 _d788654 |
||